| 000 | 00366cam a2200145 4500 | ||
|---|---|---|---|
| 001 | ##L128823 | ||
| 002 | ##8490 | ||
| 008 | 050217n1993 000 0 eng u | ||
| 020 | _a0118855867 | ||
| 035 | _a(Sirsi) u128823 | ||
| 041 | 0 | _aeng | |
| 245 | 4 | _aThe problems of asbestos removal at high temperatures | |
| 260 |
_bHealth & safety executive _c1993 |
||
| 942 | _n0 | ||
| 999 |
_c104022 _d104022 |
||